LEADER 01276nam a2200265 u 4500 001 000000136072 003 CaOOAMICUS 005 20131031163017.0 008 131031s2013 it u000 u ita u 040 $aPUL$bita 100 1 $aMassimo, Lucia Maria.$0(OLS)http://pul/name/87581 245 10$aAspetti medico legali e giuridici della fecondazione assistita e diritto canonico/$cLucia Maria Masssimo. 260 $aRoma :$bPontificia Università Lateranense,$c2013. 300 $a167 p.$c24 cm 502 $aTesi di Dottorato in diritto canonico -- Pontificia Università Lateranense, 2013. 504 $aBbibliografia: p.[161]-167. 650 4$aFecondazione assistita.$0(OLS)http://pul/subject/39290 650 4$aBioetica$xDiritto.$0(OLS)http://pul/subject/34224 710 2 $aPontificia Università Lateranense.$bFacoltà di diritto canonico.$kTesi.$0(OLS)http://pul/name/81682 850 $aPUL 852 $aPUL$W1$xDP1 Tesi Pon Univ. Lateranense$y41$m2013 C 12$j156850$qTesi$B156242$CPULBib$Z2$F156242 $82 941 1 $a16 996 $6245$aAspetti medico legali e giuridici della fecondazione assistita e diritto canonico/$9(OLS)http://pul/title/172073 996 $6260$aRoma :$bPontificia Università Lateranense$9(OLS)http://pul/publisher/47963 LEADER 01068nam a2200253 u 4500 001 000000116179 003 CaOOAMICUS 005 20090612131133.0 008 090612s2009 it u000 u ita r 020 $z978-88-311-7355-1* 040 $aPUL$bita$dLDB 245 00$aCorpo e religione /$cGaspare Mura, Roberto Cipriani (edd.) ; presentazione del card. Paul Poupard. 260 $aRoma :$bCittà Nuova,$cc2009. 300 $a519 p. ;$c23 cm 504 $aBibliografia in nota. 650 4$aCorpo umano$xAspetti religiosi$xCristianesimo.$0(OLS)http://pul/subject/20690 700 1 $aCipriani, Roberto.$0(OLS)http://pul/name/5336 700 1 $aMura, Gaspare,$d1937-$0(OLS)http://pul/name/5566 850 $aPUL 852 $aPUL$W1$xSL Religione 3$y85$m218 MURGA 1$j133115$qDDC 21$B132139$CPULBib$Z2$F132139 $H110770 $82 941 1 $a9 996 $6020$z978-88-311-7355-1*$9(OLS)http://pul/number/141110 996 $6245$aCorpo e religione$9(OLS)http://pul/title/145995 996 $6260$aRoma :$bCittà Nuova$9(OLS)http://pul/publisher/47927